| 000 | 00441nam a2200121Ia 4500 | ||
|---|---|---|---|
| 008 | 171212s9999 xx 000 0 und d | ||
| 020 | _a9780833052483 | ||
| 100 | _aPaul, Christopher | ||
| 245 |
_cPaul, Christopher _aCounterinsurgency Scorecard _bAfghanistan in Early 2011 Relative to the Insurgencies of the Past 30 Years |
||
| 260 |
_bRAND Corporation _c2011 |
||
| 650 | _aPolitical Science | ||
| 856 | _uwww.jstor.org/stable/10.7249/op337osd | ||
| 999 |
_c351907 _d351907 |
||